1250 1992 1498 1066 1318 1239 1679 1271 1106 1252 1090 1024 1173 1034 1694 1303 1899 1787 1520 1983 1076 1313 1430 1444 1956 1646 1623 1063 1541 1765 1611 1179 1362 1906 1819 1720 1109 1650 1616 1076 1791 1618 1392 1209 1780 1167 1040 1901 1313 1284 1693 1026 1037 1342 1770 1225 1140 1974 1525 1465 1155 1697 1980 1600 1402 1423 1889 1898 1125 1579 1659 1456 1648 1330 1611 1479 1427 1964 1773 1698 1448 1270 1572 1263 1409 1593 1647 1866 1478 1467 1991 1856 1122 1824 1383 1069 1643 1167 1508 BCNSPRNW ULIB Ver.6.0+V

เปลี่ยนเป็นภาษาไทย

Change to English
 แสดงรายละเอียดบรรณานุกรม
  กลับหน้าหลัก

Brief Record : Get Marc (ISO 2709) : E-mail record : QR code < ปิดหน้าต่าง
LEADER : 00000nam 2200000uu 4500
001    13399124699
003     ULIB
008    160115s2014||||th 000 0 tha d
020    ^a9786169154839
060  4 ^aWA695 ^bN812w
100 0  ^aNongnuch Jaichuen.
245 10 ^aWalking the tiger :^bcontrolling 3 HIGHs food and beverages /^cNongnuch Jaichuen..
250    ^a1st ed.
260    ^aNonthaburi :^bFood and Nutrition Policy for Health Promotion Program Health Promotion Research Center International Health Policy Program Thailand,^c2014.
300    ^a104 p. :^bill. ;^c21 cm.
650  7 ^aAdvertising ^xBeverages ^xLaw and legislation
650  7 ^aAdvertising ^xFood ^xLaw and legislation
650  7 ^aFood law and legislation
710 2  ^aInternational Health Policy Program Thailand. ^bHealth Promotion Research Center. ^bFood and Nutrition Policy for Health Promotion Program.
945    ^p0^l0^i000247
945    ^p0^l0^i000248
999    ^aเกษร โพธิ์สุวรรณ
รายการนี้ยังไม่มีแท็ก
คุณยังไม่ได้ล็อกอิน คุณสามารถมีกิจกรรมร่วมกับเว็บไซต์ได้ แต่ต้องล็อกอินก่อน ::
  ล็อกอิน

รายการสื่อสารสนเทศ

ลำดับที่ ประเภท เลขเรียก/บาร์โค้ด สถานที่ สถานะ
1. วิทยาศาสตร์การแพทย์ และสุขภาพ
วิทยาศาสตร์การแพทย์ และสุขภาพ
WA695 N812w ฉ.1 
  Barcode: 000247
ห้องสมุดวิทยาเขตสวรรค์ประชารักษ์
►หนังสือทั่วไป
บนชั้น
2. วิทยาศาสตร์การแพทย์ และสุขภาพ
วิทยาศาสตร์การแพทย์ และสุขภาพ
WA695 N812w ฉ.2 
  Barcode: 000248
ห้องสมุดวิทยาเขตสวรรค์ประชารักษ์
►หนังสือทั่วไป
บนชั้น

BibComment


ยังไม่เคยถูกคอมเมนท์

คอมเมนท์ทรัพยากรรายการนี้
  คอมเมนท์: Walking the tige..


 Copyright 2026. Bcnsprnw @Library